| 000 | 00587cam a22002057a 4500 | ||
|---|---|---|---|
| 001 | 001977 | ||
| 003 | armpunfd | ||
| 005 | 20140612090655.0 | ||
| 008 | 060531e0####xx#a##########000#0#und#d | ||
| 040 |
_aarmpunfd _carmpunfd |
||
| 080 | _a342 J769 | ||
| 245 | 1 | 0 | _a3ยช jornadas nacionales de filosofia y ciencia politica |
| 260 |
_a Ar Del Plata : Suarez _b2003. Isbn: 987-9494-44-X. 438 P. |
||
| 650 | 7 |
_a Bioetica _2LEMB |
|
| 650 | 7 |
_a Ciencia Politica _2LEMB |
|
| 650 | 7 |
_a Filosofia _2LEMB |
|
| 650 | 7 |
_a Globalizacion _2LEMB |
|
| 942 |
_cLB _2cdu |
||
| 945 |
_aCatalis _d2010-08-19 |
||
| 999 |
_c1968 _d232472 |
||